Románok magyar szemmel. "Magyar sztereotípiák és közhelyek a "románokról"

Elmentve itt :
Bibliográfiai részletek
Szerző: BORSI-KÁLMÁN Béla
Adatforrás:Meister
Forrásdokumentuma:A Hét. -
20 sz., 1994, 3 p.
Nyelv:magyar
Kulcsszavak:mentalitástörténet
nemzeti sztereotípiák
magyar-román kapcsolatok
magyarok (romániai)
románok
regáti mentalitás
nemzettudat
mentalitás
LEADER 00622nab a2200205 i 4500
001 bibPRO00005611
008 060524s1994 xx hun
040 |a Sz1 
041 |a hun 
100 2 |a BORSI-KÁLMÁN Béla 
245 1 0 |a Románok magyar szemmel. "Magyar sztereotípiák és közhelyek a "románokról"  |c BORSI-KÁLMÁN Béla 
695 |a mentalitástörténet 
695 |a nemzeti sztereotípiák 
695 |a magyar-román kapcsolatok 
695 |a magyarok (romániai) 
695 |a románok 
695 |a regáti mentalitás 
695 |a nemzettudat 
695 |a mentalitás 
773 0 |t A Hét. -  |g 20 sz., 1994, 3 p.